Guess the anime titles by their not so direct descriptions - Statistics

General Stats
  • This quiz has been taken 25 times
  • The average score is 5 of 15
Answer Stats
Hint Answer % Correct
if harry potter and one punch manhad a child mashle
60%
bro-sis con complex siblings with no life playing games all day even in another world no game no life
60%
criminals set on a journey to find thethe solution to world hunger and more one piece
60%
devil child gets shamed by society but still pursues his career choice naruto
50%
underworld ruler goes broke anddoes 9 to 5 in mcdonalds the devil is a part timer
50%
yakuza and the mafias kids engage infake romance nisekoi
45%
edgy kid travels back and forth worldstrying to save his friends bleach
30%
virgin dude gotta date baddies toprevent them from exploding date alive
25%
woman who can't die keeps adventuring frieren:beyond journey's end
15%
harem chess highschool dxd
15%
incestual step siblings domestic girlfriend
10%
amazing talent learns more about lifein a school dorm the pet girl of sakurasou
10%
kids free trial of living expires after 12 the promised neverland
10%
nerd predicts a zombie apocalypseand has solutions kabaneri of the iron fortress
5%
best workplace romance anime wotakoi:love is hard for anotaku
5%
No matching quizzes found
Score Distribution
Percent of People with Each Score
Percentile by Number Answered
Your Score History
You have not taken this quiz